00856nam a22001937a 450000500170000001000150001702000270003203500140005903700090007308200100008210000520009224501110014426000510025527001590030630000260046594200240049199900190051595201280053420240703161123.0 aENG-140745 c1675.00a9788193733936 aEN-124277 bDBAD a668.4 aby NPCS Board of Consultants & Engineers968069 aWax Polishes Manufacturing Handbook:bwith Process and Formulae/cby NPCS Board of Consultants & Engineers aDelhibNiir Project Consultancy Servicesc2019 bDelhia106-E, Opp. Spark Mall, Kamla Nagare110007k01123842955k01123845654k01123845886k08800733955l+911123845886mnpcs.india@gmail.comminfo@niir.org axxi, 362p.c21cm (pb) 2ddccENh668.4mWAX c203918d203918 001040708NFICaLbLd2024-07-03eDBADg1675.00l0o668.4 WAXpEN-124277r2024-07-03 00:00:00t1v1675.00w2024-07-03yEN